| 000 -LEADER |
| fixed length control field |
02053pab a2200217 454500 |
| 008 - FIXED-LENGTH DATA ELEMENTS--GENERAL INFORMATION |
| fixed length control field |
180718b2018 xxu||||| |||| 00| 0 eng d |
| 100 ## - MAIN ENTRY--PERSONAL NAME |
| Personal name |
O'Sullivan, Michael |
| 245 ## - TITLE STATEMENT |
| Title |
Pan-Islamic bonds and interest: Ottoman bonds, Red Crescent remittances and the limits of Indian Muslim capital, 1877?1924 |
| 260 ## - PUBLICATION, DISTRIBUTION, ETC. |
| Date of publication, distribution, etc. |
2018 |
| 300 ## - PHYSICAL DESCRIPTION |
| Extent |
p.183-220. |
| 362 ## - DATES OF PUBLICATION AND/OR SEQUENTIAL DESIGNATION |
| Dates of publication and/or sequential designation |
55 |
| 520 ## - SUMMARY, ETC. |
| Summary, etc. |
This article analyses the Ottoman government?s attempt to encourage Indian Muslims to purchase its treasury bonds during the Balkan Wars in 1912?13. It contrasts this largely unsuccessful scheme with the enormous contributions of Indian Muslims to the parallel campaign to raise relief funds for Ottoman soldiers and refugees. While this latter movement involved the intermittent dispatch of remittances to the Ottoman Ministry of Finance and Red Crescent, the bond drive demanded a multi-year commitment and conjured up a variety of financial and religious dilemmas for Indian Muslim constituencies. To better contextualise these divergent outcomes, this article first examines the infrastructures of Indian Muslim religious and financial exchange with the Ottoman Empire from the mid-nineteenth century. It then charts the charitable campaigns organised by Indian Muslims between 1877 and 1912, before turning to the Balkan Wars. The foundering of the bond drive stemmed from problems on both the supply and demand side, namely, International Financial Control (IFC) in the Ottoman context, informational asymmetries, fears of Ottoman insolvency and an aversion by some to accepting interest. Nevertheless, Indian Muslim capital enjoyed a freer degree of circulation than in the post-Ottoman environment, where new powers sought to curtail or control it in an age of financial de-globalisation. - Reproduced. |
| 650 ## - SUBJECT ADDED ENTRY--TOPICAL TERM |
| Topical term or geographic name entry element |
Pan-Islamic bonds |
| 650 ## - SUBJECT ADDED ENTRY--TOPICAL TERM |
| Topical term or geographic name entry element |
Financial history |
| 650 ## - SUBJECT ADDED ENTRY--TOPICAL TERM |
| Topical term or geographic name entry element |
Ottoman empire bonds |
| 650 ## - SUBJECT ADDED ENTRY--TOPICAL TERM |
| Topical term or geographic name entry element |
Muslims in India |
| 650 ## - SUBJECT ADDED ENTRY--TOPICAL TERM |
| Topical term or geographic name entry element |
Muslims - India |
| 650 ## - SUBJECT ADDED ENTRY--TOPICAL TERM |
| Topical term or geographic name entry element |
Muslims |
| 773 ## - HOST ITEM ENTRY |
| Main entry heading |
Indian Economic and Social History Review |
| 909 ## - |
| -- |
117360 |